000 00699cam a22002411 4500
008
049 _aMAIN
090 _aQD477
_bVAN
100 1 _aVanderwerf, Calvin Anthony.
245 1 0 _aAcids, bases, and the chemistry of the covalent bond.
260 _aNew York :
_bReinhold,
_c[1961]
300 _a117 p. :
_bill. ;
_c19 cm.
440 0 _aSelected topics in modern chemistry.
500 _aIncludes index.
650 0 _aAcids.
650 2 _aChemistry, Physical.
650 2 _aValence (Theoretical Chemistry)
907 _a.b10004300
_b08-05-12
_c17-04-03
003
005 20230123133114.0
040 _cNUST
942 _cBOOKS
_kQD477
_mVAN
999 _c142819
_d142819